|
|
|
|
| LEADER |
00699nam a2200205Ia 4500 |
| 001 |
CTU_163189 |
| 008 |
210402s9999 xx 000 0 und d |
| 020 |
|
|
|c 24.95
|
| 082 |
|
|
|a 658.11
|
| 082 |
|
|
|b L389
|
| 100 |
|
|
|a Laut, Phil
|
| 245 |
|
0 |
|a Wealth without a job :
|
| 245 |
|
4 |
|b the entrepreneur’s guide to freedom and security beyond the 9 to 5 lifestyle
|
| 245 |
|
0 |
|c Phil Laut, Andy Fuehl
|
| 260 |
|
|
|a Hoboken, N.J.
|
| 260 |
|
|
|b Wiley
|
| 260 |
|
|
|c 2004
|
| 650 |
|
|
|a New business enterprises,Entrepreneurship,Job satisfaction,Success in business,Khả năng kinh doanh,Thành công trong kinh doanh
|
| 910 |
|
|
|a Nguyên
|
| 980 |
|
|
|a Trung tâm Học liệu Trường Đại học Cần Thơ
|